000 00340nam a2200133Ia 4500
008 240624s9999 xx 000 0 und d
041 _aeng
082 _a332.4954 AGA
100 _aAGARWALA RAMGOPAL
245 _aDEMONETISATION A MEANS TO AN END
260 _c2017
_aNew Delhi
_bSage
300 _axxiii, 191 p.; 23 cm.
365 _cRS
_b32
999 _c29891
_d29891